NCAA Football Mascots by Picture - Statistics

General Stats
  • This quiz has been taken 372 times
  • The average score is 9 of 20
Answer Stats
Picture Answer % Correct
Oregon Ducks
99%
Texas Longhorns
93%
Florida Gators
86%
Syracuse Orange
85%
Tulane Green Wave
70%
Wisconsin Badgers
68%
Maryland Terrapins
67%
TCU Horned Frogs
55%
Akron Zips
52%
Minnesota Golden Gophers
48%
UTSA Roadrunners
43%
Ohio State Buckeyes
42%
Iowa Hawkeyes
32%
UMass Minutemen
28%
Liberty Flames
27%
Old Dominion Monarchs
26%
Kent State Golden Flashes
9%
Cincinnati Bearcats
7%
Duke Blue Devils
7%
Vanderbilt Commodores
3%
No matching quizzes found
Score Distribution
Percent of People with Each Score
Percentile by Number Answered
Your Score History
You have not taken this quiz